000 00979nam a2200217Ia 4500
999 _c40300
_d40300
001 6908
003 GE_BSU
005 20200205133244.0
008 181216s1980||||g |||||||||||||| ||geo||
040 _cGE_BSU
041 _ageo
080 _a821.353.1 გ-85
100 _aგრიშაშვილი, იოსებ.
_96813
245 _aთხზულებანი 5 ტომად : ტომი 1:
_bლექსები 1906-1920 /
_cიოსებ გრიშაშვილი ; ტომის რედ. აკ. ხინთიბიძე ; გ. მერკვილაძე.
_h
264 _aთბილისი :
_bსაბჭ.საქართველო,
_c1980.
300 _a329 გვ. ;
_c20 სმ.
653 _aთხზულებანი
700 _aხინთიბიძე, აკ.
_eრედაქტორი
_96821
700 _aმერკვილაძე, გ.
_eრედაქტორი
_96822
942 _cBK
_2udc